On numbers and games /
Guardado en:
| Autor Principal: | |
|---|---|
| Formato: | Libro |
| Idioma: | English |
| Publicado: |
London :
Academic Press,
1976.
|
| Series: | L.M.S. monographs ;
6. |
| Materias: | |
| Etiquetas: |
Agregar Etiqueta
Sin Etiquetas, Sea el primero en etiquetar este registro!
|
| LEADER | 00817cam a22002655a 4500 | ||
|---|---|---|---|
| 001 | EIQ.libpla000307 | ||
| 008 | 760916s1976####enka#####b####001#0#eng#d | ||
| 005 | 20060331171518.0 | ||
| 245 | 1 | 0 | |a On numbers and games / |c J. H. Conway. |
| 260 | |a London : |b Academic Press, |c 1976. | ||
| 300 | |a ix, 238 p. : |b il. ; |c 24 cm. | ||
| 490 | 1 | |a L.M.S. monographs ; no. 6 | |
| 504 | |a Bibliografía: p. 228-229. | ||
| 500 | |a Incluye índice. | ||
| 020 | |a 0121863506 | ||
| 100 | 1 | |a Conway, John Horton. | |
| 830 | 0 | |a L.M.S. monographs ; |v 6. | |
| 082 | 0 | 0 | |a 519.3 |
| 650 | 4 | |a Juego |x Teoría. | |
| 650 | 4 | |a Teoría de los números |x Probabilidades. | |
| 650 | 4 | |a Number theory |x Probabilities. | |
| 650 | 4 | |a Game |x theory. | |
| 010 | |a 75019626 | ||
| 040 | |a DLC |c DLC |d AR-BbSID | ||
| 859 | |a AR-BbSID |b BIB. PLAPIQUI |h 519.3 |i C 769 |p 1604 | ||
